000 00315nam a22001457a 4500
008 210310b ||||| |||| 00| 0 eng d
020 _a9780874777260
041 _aeng
080 _a33
082 _a33
100 _a58
101 _aBIZ
245 _aThe New Paradigm in Business
_cBennis,W
942 _2udc
_cBK
999 _c56230
_d56230